Países #2 - Statistics

Estatísticas Gerais
  • Esse quiz foi jogado 86 vezes
    80 desde o último reset
  • A pontuação média é 12 de 15
Estatísticas das Respostas
Imagem Resposta % Correto
Egito
100%
Israel
100%
Alemanha
97%
México
97%
Índia
94%
Ucrânia
94%
Rússia
93%
Peru
90%
Angola
87%
Iraque
85%
Suíça
75%
Arábia saudita
71%
Áustria
60%
Cuba
54%
Marrocos
49%
Nenhum quiz correspondente encontrado
Distribuição das Pontuações
Porcentagem de Pessoas com Cada Pontuação
Percentil de Números Respondidos
Sua Pontuação Histórica
Você não jogou esse quiz desde o último reset